Investor má možnosť predvídať riziká

Dve základné charakteristiky každej investície - výnos a riziko. Odhad zmeny budúcej hodnoty emisie. Vzťah vývoja ceny akcie a indexu trhu v minulosti - charakterizovaný dvoma ukazovateľmi - alfou a betou. Vplyvy indexov na výpočet. Porovnanie výnosov portfolií.

Saved in:
Bibliographic Details
Main Author: Kováčik, J.
Format: Book Chapter
Language:Slovak
Subjects:
Tags: Add Tag
No Tags, Be the first to tag this record!

MARC

LEADER 00000naa a2200000 4500
001 r019517
005 20221205102953.7
041 0 |a slo 
044 |a SK 
245 1 0 |a Investor má možnosť predvídať riziká  |c J. Kováčik 
520 |a Dve základné charakteristiky každej investície - výnos a riziko. Odhad zmeny budúcej hodnoty emisie. Vzťah vývoja ceny akcie a indexu trhu v minulosti - charakterizovaný dvoma ukazovateľmi - alfou a betou. Vplyvy indexov na výpočet. Porovnanie výnosov portfolií. 
610 2 0 |a investície 
610 2 0 |a akcie 
610 2 0 |a emisia 
610 2 0 |a výnosy 
610 2 0 |a riziko 
610 2 0 |a indexy burzové 
610 2 0 |a obchody burzové 
610 2 0 |a portfólio 
100 1 |a Kováčik, J.